书目信息 |
| 题名: |
经济数学基础
|
|
| 作者: | 李林曙 , 黎诣远 主编 | |
| 分册: | 概率论与数理统计 | |
| 出版信息: | 北京 高等教育出版社 2010 |
|
| 页数: | 327页 | |
| 开本: | 26cm | |
| 丛书名: | ||
| 单 册: | ||
| 中图分类: | F224.0 , O21 | |
| 科图分类: | ||
| 主题词: | 经济数学--高等教育--教材 , 概率论--高等教育--教材 , 数理统计--高等教育--教材 , 经济数学 , 概率论 , 数理统计 | |
| 电子资源: | ||
| ISBN: | 978-7-04-029609-9 | |
| 000 | 01109nam0 2200337 450 | |
| 001 | 2365284497 | |
| 005 | 20231216181120.90 | |
| 010 | @a978-7-04-029609-9@dCNY 42.30 | |
| 100 | @a20101201d2010 em y0chiy0120 ea | |
| 101 | 0 | @achi |
| 102 | @aCN@b110000 | |
| 105 | @ay z 000yy | |
| 200 | 1 | @a经济数学基础@i概率论与数理统计@f李林曙,黎诣远主编@Ajing ji shu xue ji chu |
| 205 | @a2版 | |
| 210 | @a北京@c高等教育出版社@d2010 | |
| 215 | @a327页@d26cm@e2光盘 | |
| 300 | @a普通高等教育“十一五”国家级规划教材 中央广播电视大学国家精品课程教材 | |
| 307 | @a附光盘:ISBN 978-7-89493-453-6 | |
| 330 | @a本书共五章,内容包括:数据处理、随机事件与概率、随机变量与数字特征、参数估计、假设检验与回归分析。 | |
| 606 | 0 | @a经济数学@x高等教育@j教材 |
| 606 | 0 | @a概率论@x高等教育@j教材 |
| 606 | 0 | @a数理统计@x高等教育@j教材 |
| 606 | 0 | @a经济数学 |
| 606 | 0 | @a概率论 |
| 606 | 0 | @a数理统计 |
| 690 | @aF224.0@v5 | |
| 690 | @aO21@v5 | |
| 701 | 0 | @a李林曙@f(1961~)@4主编@Ali lin shu |
| 701 | 0 | @a黎诣远@f(1931~)@4主编@Ali yi yuan |
| 801 | 2 | @aCN@b辽宁北配@c20231205 |
| 905 | @aBZT@dF224.0@e28:1=2 | |
| 经济数学基础.概率论与数理统计/李林曙,黎诣远主编.-2版.-北京:高等教育出版社,2010 |
| 327页;26cm+2光盘 |
| 普通高等教育“十一五”国家级规划教材 中央广播电视大学国家精品课程教材 |
| ISBN 978-7-04-029609-9:CNY 42.30 |
| 本书共五章,内容包括:数据处理、随机事件与概率、随机变量与数字特征、参数估计、假设检验与回归分析。 |
| ● |
| 相关链接 |
|
|
|
正题名:经济数学基础
索取号:F224.0/28:1=2
 
预约/预借
| 序号 | 登录号 | 条形码 | 馆藏地/架位号 | 状态 | 备注 |
| 1 | 2001623020 | 2001623020 | 辽三/辽宁北配(第三批)/2601/ [索取号:F224.0/28:1=2] | 在馆 | |
| 2 | 2001623021 | 2001623021 | 辽三/辽宁北配(第三批)/2601/ [索取号:F224.0/28:1=2] | 在馆 | |
| 3 | 2001623022 | 2001623022 | 辽三/辽宁北配(第三批)/2601/ [索取号:F224.0/28:1=2] | 在馆 | |
| 4 | 2001623023 | 2001623023 | 辽三/辽宁北配(第三批)/2601/ [索取号:F224.0/28:1=2] | 在馆 | |
| 5 | 2001623024 | 2001623024 | 辽三/辽宁北配(第三批)/2601/ [索取号:F224.0/28:1=2] | 在馆 | |
| 6 | 2001623025 | 2001623025 | 辽三/辽宁北配(第三批)/2601/ [索取号:F224.0/28:1=2] | 在馆 | |
| 7 | 2001623026 | 2001623026 | 辽三/辽宁北配(第三批)/2601/ [索取号:F224.0/28:1=2] | 在馆 | |
| 8 | 2001623027 | 2001623027 | 辽三/辽宁北配(第三批)/2601/ [索取号:F224.0/28:1=2] | 在馆 | |
| 9 | 2001623028 | 2001623028 | 辽三/辽宁北配(第三批)/2601/ [索取号:F224.0/28:1=2] | 在馆 | |
| 10 | 2001623029 | 2001623029 | 辽三/辽宁北配(第三批)/2601/ [索取号:F224.0/28:1=2] | 在馆 |